000 00650nam a22002537a 4500
003 UA-OsUOA
001 121653
007 ta
008 20170327b un ||||| |||| 00| 0 ukr d
100 _aПеев Д.
090 _a821.163.2
_bП24
942 _cBK
040 _aUA-OsUOA
_brus
_cUA-OsUOA
_dUA-OsUOA
245 _aСедьмая чаша
_bповести
300 _a368 с.
955 _a3
041 _arus
080 _a821.163.2
020 _a5-05-002000-0
591 _aДімаров А.
260 _aМ.
_bРадуга
_c1988
650 7 _a82 Література. Літературознавство
_2UDC
999 _c407768
_d407768